<A> Life of Experimental Economics <The> Next Fifty Years
Salvato in:
| Autore principale: | |
|---|---|
| Natura: | Libro |
| Lingua: | inglese |
| Pubblicazione: |
Cham
Palgrave Macmillan/Springer Nature Switzerland
2018
|
| Soggetti: | |
| Tags: |
Nessun Tag, puoi essere il primo ad aggiungerne!!
|
MARC
| LEADER | 00000nam a2200000 4500 | ||
|---|---|---|---|
| 001 | 0278651 | ||
| 005 | 20240314123122.6 | ||
| 020 | |a 978-3-319-98424-7 | ||
| 020 | |a 978-3-319-98425-4 | ||
| 041 | 0 | |a eng | |
| 044 | |a CH | ||
| 245 | 1 | 0 | |a <A> Life of Experimental Economics |b <The> Next Fifty Years |c Vernon L. Smith |
| 264 | 1 | |a Cham |b Palgrave Macmillan/Springer Nature Switzerland |c 2018 | |
| 300 | |a 243 s. | ||
| 610 | 2 | 0 | |a ekonómia experimentálna |
| 610 | 2 | 0 | |a biografia |
| 610 | 2 | 0 | |a životopisy |
| 610 | 2 | 0 | |a výskum |
| 610 | 2 | 0 | |a správanie hospodárske |
| 610 | 2 | 0 | |a veda ekonomická |
| 100 | 1 | |a Smith, Vernon L. | |